বাংলাদেশের পথশিল্প. প্রথম খন্ড /

Bibliografiske detaljer
Hovedforfatter: বাহাদুর, শিহাব
Format: Bog
Sprog:Bengali
Udgivet: ঢাকা : মুক্তচিন্তা, ২০০৫.
Fag:
Classic Catalogue: View this record in Classic Catalogue
LEADER 01183nam a22002417a 4500
001 0017340
003 BD-DhAAL
005 20250714121612.0
008 141208s2005 bg a|||| |||| 00| 0 ben d
020 |a 9848435158 
040 |a BD-DhAAL  |c BD-DhAAL 
082 |2 22  |a 721.044095492 
100 |a বাহাদুর, শিহাব   |9 6565 
245 |a বাংলাদেশের পথশিল্প.   |n প্রথম খন্ড /  |c শিহাব বাহাদুর. 
260 |a ঢাকা :  |b মুক্তচিন্তা,   |c ২০০৫. 
300 |a ৯৬ পৃ. :  |c ২২ সে.মি.  
526 |a AAL  |x Hasina Afroz University Librarian BRAC University 
541 |e 0017340  |a A H Development Publishing House 
650 |a Concrete as art material.  |9 6710 
852 |a Ayesha Abed Library  |c General Stacks 
942 |2 ddc  |c BK 
999 |c 33267  |d 33267 
952 |0 0  |1 0  |2 ddc  |4 0  |6 721_044095492000000_BAH  |7 0  |9 44421  |a BRACUL  |b BRACUL  |c GEN  |d 2014-12-08  |e A H Development Publishing House  |g 100.00  |l 1  |m 1  |o 721.044095492 BAH  |p 3010017340  |r 2023-03-13  |s 2023-02-27  |t 1  |w 2014-12-08  |y BK  |x Requisitioned by Hasina Afroz, University Librarian, Ayesha Abed Library, BRAC University.